| Tag |
First Indicator |
Second Indicator |
Subfields |
| LEADER |
00000cam a2200000 a 4500 |
| 001 |
in00000033094 |
| 005 |
20151007055121.0 |
| 008 |
880418s1988 nyua b 00110 eng d |
| 010 |
|
|
|z 86015471
|
| 020 |
|
|
|a 0823907791
|
| 035 |
|
|
|a (OCoLC)17807250
|
| 035 |
|
|
|9 AAB7307AM
|
| 040 |
|
|
|a MPC
|c MPC
|d TXA
|d UtOrBLW
|
| 049 |
|
|
|a [Curr Col] TXAM
|c [A11113350]
|
| 050 |
|
4 |
|a RC607.A26
|b K8 1988
|
| 100 |
1 |
|
|a Kurland, Morton L.
|
| 245 |
1 |
0 |
|a Coping with AIDS :
|b facts & fears /
|c Morton L. Kurland.
|
| 250 |
|
|
|a 1988 ed., completely rev. and updated, 1st ed.
|
| 264 |
|
1 |
|a New York :
|b Rosen Pub. Group,
|c 1988.
|
| 300 |
|
|
|a ix, 210 pages :
|b illustrations ;
|c 23 cm.
|
| 336 |
|
|
|a text
|b txt
|2 rdacontent
|
| 337 |
|
|
|a unmediated
|b n
|2 rdamedia
|
| 338 |
|
|
|a volume
|b nc
|2 rdacarrier
|
| 504 |
|
|
|a Bibliography: page 117.
|
| 500 |
|
|
|a Includes index.
|
| 650 |
|
0 |
|a AIDS (Disease)
|v Popular works.
|
| 740 |
0 |
|
|a AIDS facts and fears.
|
| 999 |
|
|
|a MARS
|
| 999 |
f |
f |
|s fc4f8b2f-c68f-3035-ad72-a9dd8b609061
|i 58164fd2-b90f-3b7b-8440-fee81c42eda9
|t 0
|
| 952 |
f |
f |
|p normal
|a Texas A&M University
|b College Station
|c Sterling C. Evans Library
|d Evans: Curriculum Collection (4th floor)
|t 0
|e RC607.A26 K8 1988
|h Library of Congress classification
|i unmediated -- volume
|m A14811113350
|
| 998 |
f |
f |
|a RC607.A26 K8 1988
|t 0
|l Evans: Curriculum Collection (4th floor)
|